000 00756nam a2200277 i 4500
001 000038620
003 DO-SdBNP
005 20250627105355.0
007 ta
008 250627s2011 dr 000 0 spa d
040 _aDO-SdBNP
_bspa
_cBNPHU
_drda
041 _hsp
082 _axxx
_bR426f
_222
100 _964953
110 _aRepública Dominicana.
_bInstituto Postal Dominicano
_988206
111 _988205
245 1 0 _aFilatelia para jóvenes
264 _aSanto Domingo :
_bEdiciones Cosette Alvarez,
_c2011
300 _a32 páginas. ;
_c23 cm.
336 _ardacontent
_btexto
_2txt
337 _ardamedia
_bsin mediación
_2n
338 _ardacarrier
_bvolumen
_2nc
590 _aInventariado, 2025/DG
910 _aDG
942 _2ddc
_cLF2
999 _c59389
_d59389